MARC

LEADER 00000nam0a2200000 4500
001 309627
005 20231102002216.0
035 |a (RuTPU)RU\TPU\book\334966 
090 |a 309627 
100 |a 20151116d1981 k y0rusy50 ca 
101 0 |a rus 
102 |a UA 
105 |a y z 100zd 
200 1 |a Всесоюзная конференция по электродуговой сварке  |e тезисы докладов (18-21 мая 1981 г.)  |f Академия наук Украинской ССР (АН УССР), Институт электросварки им. Е. О. Патона (ИЭС) 
210 |a Киев  |c Изд-во ИЭС  |d 1981 
215 |a 28 с. 
600 1 |a Славянов  |b Н. Г.  |c российский изобретатель  |f 1854-1897  |g Николай Гаврилович  |2 stltpush  |3 (RuTPU)RU\TPU\pers\13138  |9 3822 
600 1 |a Бенардос  |b Н. Н.  |c российский изобретатель  |f 1842-1905  |g Николай Николаевич  |2 stltpush  |3 (RuTPU)RU\TPU\pers\13137  |9 3821 
600 1 |a Патон  |b Е. О.  |c советский ученый  |c специалист в области электросварки и мостостроения  |f 1870-1953  |g Евгений Оскарович  |2 stltpush  |3 (RuTPU)RU\TPU\pers\23477  |9 10235 
606 1 |a Электродуговая сварка  |2 stltpush  |3 (RuTPU)RU\TPU\subj\66887  |9 82882 
610 1 |a дуговая электросварка 
610 1 |a история 
610 1 |a 19 век 
610 1 |a 20 век 
610 1 |a инженерно-технические кадры 
610 1 |a подготовка 
610 1 |a научные работы 
610 1 |a металлы 
610 1 |a напыление 
610 1 |a СССР 
610 1 |a оборудование 
610 1 |a судостроение 
610 1 |a конференции 
675 |a 621.791.75(063)  |v 4 
712 0 2 |a Академия наук Украинской ССР (АН УССР)  |b Институт электросварки им. Е. О. Патона (ИЭС)  |c (Киев)  |2 stltpush  |3 (RuTPU)RU\TPU\col\13726 
712 1 2 |a Всесоюзная конференция по электродуговой сварке  |e Киев  |f 1981 
801 1 |a RU  |b 63413507  |c 20151116 
801 2 |a RU  |b 63413507  |c 20180914  |g RCR 
942 |c BK